Globalization and sectoral development / (Record no. 52390)

MARC details
000 -LEADER
fixed length control field 00970nam a22002657a 4500
005 - DATE AND TIME OF LATEST TRANSACTION
control field 20110512120519.0
008 - FIXED-LENGTH DATA ELEMENTS--GENERAL INFORMATION
fixed length control field 110512t xxu||||| |||| 00| 0 eng d
010 ## - LCCN (DPL NO)
LC control number ENG-102458
020 ## - INTERNATIONAL STANDARD BOOK NUMBER
International Standard Book Number 9788174466693
Terms of availability 495.00
035 ## - SYSTEM CONTROL NUMBER
System control number EN-85991
037 ## - SOURCE OF ACQUISITION
Source of stock number/acquisition DBAD/PUB
040 ## - CATALOGING SOURCE
Original cataloging agency dpl
Language of cataloging Eng
082 ## - DEWEY DECIMAL CLASSIFICATION NUMBER
Classification number 338.954
100 ## - MAIN ENTRY--PERSONAL NAME
9 (RLIN) 25528
245 ## - TITLE STATEMENT
Title Globalization and sectoral development /
Statement of responsibility, etc edited by Raj Agrawal, Rashmi Banga [and] A.N. Bhattacharya
260 ## - PUBLICATION, DISTRIBUTION, ETC. (IMPRINT)
Place of publication, distribution, etc New Delhi
Name of publisher, distributor, etc Excel Books
Date of publication, distribution, etc 2008
270 ## - ADDRESS
Address A-45, Naraina, Phase-1
City New Delhi
Postal code 110028
300 ## - PHYSICAL DESCRIPTION
Extent xvi, 360 p. :
Dimensions 23cm (pbk)
Other physical details ill
500 ## - GENERAL NOTE
General note Includes bibliographical references
700 ## - ADDED ENTRY--PERSONAL NAME
9 (RLIN) 28039
Personal name Agrawal, Raj
700 ## - ADDED ENTRY--PERSONAL NAME
Personal name Banga, Rashmi
9 (RLIN) 28063
700 ## - ADDED ENTRY--PERSONAL NAME
Personal name Bhattacharya, A.N.
9 (RLIN) 28068
942 ## - ADDED ENTRY ELEMENTS (KOHA)
Source of classification or shelving scheme Dewey Decimal Classification
Item type English Books
Classification part 338.954
Call number suffix GLO
Holdings
Withdrawn status Lost status Source of classification or shelving scheme Damaged status Not for loan Collection code Home library Current library Date acquired Source of acquisition Cost, normal purchase price Total Checkouts Full call number Barcode Date last seen Copy number Cost, replacement price Koha item type
    Dewey Decimal Classification   Not For Loan Non-fiction D.B.Act.Division D.B.Act.Division 12/05/2011 DBAD /PUB 495.00   338.954 GLO EN-85991 12/05/2011 1 495.00 English Books

© Delhi Public Library
Hit Counter
free hit counter